| 000 | 00894nam a2200217 i 4500 | ||
|---|---|---|---|
| 001 | 108874 | ||
| 003 | ES-MaACL | ||
| 005 | 20230906184729.0 | ||
| 007 | t| | ||
| 008 | 061121s1965 nq r ||||1| spa d | ||
| 245 | 0 | 0 |
_aMonumenta Centroamericae Historica _b: Colección de documentos y materiales para el estudio de la historia y de la vida de los pueblos de la América Central / _cDirigida y compilada por Federico Argüello Solórzano y Carlos Molina Argüello. |
| 250 | _a[1.ª ed.]. | ||
| 260 |
_aManagua : _bInstituto Centro Americano de Historia, _c1965. |
||
| 300 |
_a1 v. ; _c25 cm. |
||
| 505 | 8 | _aContiene: vol. 1 | |
| 651 | 4 |
_aAmérica central- _xHistoria- _yHasta 1821. _9157871 |
|
| 651 | 4 |
_aChiapas (México)- _xHistoria. _9137093 |
|
| 700 | 1 |
_aArgüello Solórzano, Federico. _922722 |
|
| 700 | 1 |
_aMolina Argüello, Carlos. _981914 |
|
| 852 |
_aES-MaACL _jP-827-Ter _bR.57419 |
||
| 999 |
_c108874 _d108874 |
||